Homo-logie : court traité des moeurs /

-д хадгалсан:
Номзүйн дэлгэрэнгүй
Үндсэн зохиолч: D'Hermes, Michel (Зохиогч)
Формат: Ном
Хэл сонгох:франц
Хэвлэсэн: Nonville : Paul Vermont, 1979
Цуврал:Desordres
Шошгууд: Шошго нэмэх
Шошго байхгүй, Энэхүү баримтыг шошголох эхний хүн болох!

MARC

LEADER 00000nam a22000007i 4500
001 IT\ICCU\UBO\3150468
003 ItRI
005 20260115231840.0
008 070221s1979 fr |||||| ||||| |||||c
020 |a 2902481071 
040 |b ita  |c importazione bologna sebina 
041 7 |a fre  |2 ISO-639-2 
100 1 |a D'Hermes, Michel  |0 IT\ICCU\UBOV\078216  |4 aut 
245 1 0 |a Homo-logie :  |b court traité des moeurs /  |c Michel D'Hermes. 
260 |a Nonville :  |b Paul Vermont,  |c 1979 
300 |a 122 p. ;  |c 19 cm. 
830 0 |a Desordres  |0 IT\ICCU\UBO\3150511 
942 |2 ddc  |c BK  |n 0 
952 |0 0  |1 0  |4 0  |6 DOC_109_000000000000000_DHE  |7 0  |9 14179  |a BO  |b BO  |d 2026-01-15  |i 1540  |l 0  |o DOC 109 DHE  |p BO1540  |r 2026-01-15 23:18:40  |w 2026-01-15  |x [Sebina 5] [1 v.]  |y BK  |z 1 v. 
999 |c 12233  |d 12233